Imiona i nazwiska polskich raperów - Statystyki

Ogólne statystyki
  • Ten quiz został rozwiązany 125 razy
  • Średni wynik to 7 z 15
Statystyki odpowiedzi
Hint Odpowiedź % Poprawnych
Borys Przybylski Bedoes
89%
Sara Sudoł Young Leosia
85%
Sebastian Czekaj White 2115
69%
Patryk Woziński Kizo
57%
Mateusz Bluza Guzior
55%
Piotr Łuszcz Magik
52%
Mateusz Zawistowski Żabson
49%
Miłosz Stępień Otsochodzi
45%
Mateusz Karaś Białas
43%
Jacek Graniecki Tede
38%
Marcin Kamil Gutkowski Kali
37%
Wojciech Zawadzki Słoń
26%
Jakub Konopka Kukon
17%
Małgorzata Jaworska Wdowa
15%
Karol Lasota Nypel
8%
Nie znaleziono quizów pasujących do podanych kryteriów
Rozkład punktacji
Procent ludzi z każdym wynikiem
Percentyl według liczby udzielonych odpowiedzi
Twoja historia wyników
Nie rozwiązałeś tego quizu